000 01134nam a2200313Ia 4500
001 Para_8902
003 CHAP
008 220125s2004 xx 000 0 und d
010 _a205824
040 _cCHAP
090 _aPA TESIS 1847
100 _aBarrales Villamil, Justino
_910334
245 _aEtiología del tizón de la hoja y pudrición de la raíz del cilantro (Coriandrum sativum L.) en Tepeaca, Puebla, México /
_c por Justino Barrales Villamil y Reynaldo Baltazar García Bautista
260 _aChapingo, Méx. :
_b el autor
300 _a64 h.
502 _aTesis (Ing. Agr. Esp. en Parasitología Agrícola) -- UACh. Departamento Parasitología Agrícola
650 _aCilantro
_x enfermedades
_923292
650 _aCilantro
_x plagas
_923298
650 _aHongos fitopatógenos
_956132
700 _aGarcía Bautista, Reynaldo Baltazar
_945762
710 _aUACh. Departamento Parasitología Agrícola
_9164025
901 _aPA TESIS 1847
902 _aA
905 _a0000002004 d 0000000000 00
910 _a2004
942 _cPARA
942 _cPARA
_d1
999 _c205824
_d205824